| 000 | 00755nam a22002415i 4500 | ||
|---|---|---|---|
| 001 | 153743 | ||
| 003 | ES-MaACL | ||
| 005 | 20250827062629.0 | ||
| 008 | 940301s1858 sp |||| | spa d | ||
| 040 |
_aAS _bspa |
||
| 110 | 1 |
_aEspaña _93622 |
|
| 240 | 1 | 0 |
_aLey de Enjuiciamiento Civil ( _d1855) |
| 245 | 1 | 0 | _aLey de Enjuiciamiento Civil. |
| 250 | _a3ª ed. oficial. | ||
| 260 |
_aMadrid : _b[s.n.], _c1858 ( _fImprenta del Ministerio de Gracia y Justicia) |
||
| 300 |
_a241 p. ; _c24 cm. |
||
| 597 | 1 | _aPort. con esc. xil. | |
| 710 | 1 | 1 |
_aEspaña. _bMinisterio de Gracia y Justicia. _93873 |
| 752 |
_aEspaña - _dMadrid |
||
| 852 |
_aES-MaACL _jC-2822 _z-- Enc. tela |
||
| 852 |
_aES-MaACL _jG-14234 _z-- Enc. hol. |
||
| 999 |
_c153743 _d153743 |
||